000 00914nam a2200301Ia 4500
001 91077
003 IT-RoPAU
008 130308s9999 xx 000 0 und d
040 _aIT-RoPAU
040 _cIT-RoPAU
041 _aFRANCESE
100 _aDurand Jacques
100 _gCodice Aut. SPICS: 18311
245 _aMethodologie des etudes d'audience-Inventaire des recherches en langue francaise
245 _bAudience et Les Medias (L')
250 _a1a ed.
260 _aPARIS
260 _bOrganisation
260 _c1989 [1° Ed.:1989 - Ed.Ling.Originale:1989]
300 _a"19 p. (prefazione: no ; testo: 19 [pagine: 235-253])"
500 _aBibliografia Metodologia degli Studi D'Audience Inventario delle ricerche in Lingua Francese
650 _aSAGGI DI COMUNICAZIONE SOCIALE
650 _eCodice materia Spics: 3807
942 _cBK
957 _71
999 _c45187
_d45187
999 _bSI
999 _g1